|
|
|
|
| LEADER |
00000nam a2200000 a 4500 |
| 001 |
vtls009481978 |
| 003 |
SK-MaSNL |
| 005 |
20260426005155.0 |
| 007 |
co bg anuua |
| 008 |
240313s2008 xo fsf 000 0 slo |
| 015 |
|
|
|a SNBS2011/01-00062
|
| 020 |
|
|
|a 9788097009205
|q (elektronická kniha)
|
| 040 |
|
|
|a SNK
|b slo
|c SNK
|e AACR2
|
| 041 |
0 |
|
|a slo
|
| 043 |
|
|
|a e-xo---
|
| 044 |
|
|
|a xo
|c SK
|
| 072 |
|
7 |
|a 026/027
|x Knižnice
|2 konspekt
|
| 080 |
|
|
|a 027.8(437.6)
|2 2001
|
| 080 |
|
|
|a (035)
|2 2001
|
| 080 |
|
|
|a (0.034.44)
|2 2001
|
| 100 |
1 |
|
|a Cenigová, Rozália,
|d 1961-
|4 aut
|9 253906
|
| 245 |
1 |
0 |
|a Príručka pre školského knihovníka
|h elektronický zdroj
|c Rozália Cenigová
|
| 250 |
|
|
|a 1. vyd.
|
| 260 |
|
|
|a Bratislava
|b Slovenská pedagogická knižnica
|c 2008
|
| 300 |
|
|
|a 1 elektronický optický disk (CD-ROM)
|c 12 cm
|
| 500 |
|
|
|a Názov z titulnej obrazovky
|
| 516 |
|
|
|a Textový dokument (príručka), 1 súbor vo formáte pdf
|
| 538 |
|
|
|a Technické požiadavky: Adobe Reader
|
| 650 |
0 |
7 |
|a školské knižnice
|2 SNKPH
|9 65580
|
| 651 |
|
7 |
|a Slovensko
|2 SNKPH
|9 14231
|
| 655 |
|
7 |
|a príručky
|2 SNKPH
|9 74364
|
| 655 |
|
7 |
|a elektronické dokumenty
|2 SNKPH
|9 70518
|
| 919 |
|
|
|a 978-80-970092-0-5
|
| 999 |
|
|
|c 1001713
|d 1003643
|
| 952 |
|
|
|a SNK
|b SNK
|y PREZ
|7 0
|p 17A0660220
|o snkSCDM 2855
|i snk2010/11627
|8 0
|0 0
|1 0
|4 0
|d 2010-05-31
|l 0
|r 2026-02-24 12:23:15
|w 2026-02-24
|
| 952 |
|
|
|a SNK
|b SNK
|y PREZ
|7 0
|p 17A1057760
|o snkSCDM 2855 D1
|i snk2012/24523
|8 1
|0 0
|1 0
|4 0
|d 2012-11-28
|l 0
|r 2026-02-24 12:23:15
|w 2026-02-24
|